00506nam a2200193 a 450000500170000000800410001703500190005810000180007722200220009524500300011730000120014736200300015965300260018965300220021565300300023790400150026790500130028299900170029520210219153100.0991125n 000 0 u aUPN01000076913 aGOWIN, D. Bob aEDUCATIONAL FORUM aEquality: three analogies a177-179 a1970 Vol. 34, no. 2, jan.0 aACCESO A LA EDUCACION0 aDESARROLLO SOCIAL0 aIGUALDAD DE OPORTUNIDADES aACb014724 aArticulo c67985d67985